Mort subite - personnage de Gossip Girl - Statistiques

Statistiques générales
  • Ce quiz a été pris 4 696 fois
  • Le résultat moyen est 5 sur 15
Answers on the Grid
Answers color-coded by a green-red scale on the quiz's grid according to % correct below.
William Der Vilt
Vanessa Hudgens
Susan Mayer
Sirius Black
Serena Van der Woodsen
Sage Spence
Poppy Lifton
Pénélope Cruz
Nelly Yuki
Nate Archibald
Marcus Lordy
Lola Dickens
Lili Bass
Lady Diana
Jonathan Whitney
Jenny Humcho
Ivy Rollins
Henri Thorpe
Harold Waldorf
Georgina North
Gabriel Edwards
Eva Coupeau
Éric Cantona
Elliot Garfield
Daniel Craig
Chuck Bass
Carter Baizen
Blair Waldorf
Ben Faulkner
Bart Bass
 
Statistiques - réponses
Réponse % Correct
Chuck Bass
55%
Blair Waldorf
53%
Serena Van der Woodsen
52%
Bart Bass
51%
Nate Archibald
51%
Lili Bass
48%
Carter Baizen
36%
Nelly Yuki
35%
Harold Waldorf
34%
Poppy Lifton
27%
Eva Coupeau
15%
Sage Spence
13%
Jonathan Whitney
10%
Gabriel Edwards
7%
Elliot Garfield
4%
Aucun quiz correspondant
Distribution des résultats
% des personnes avec chaque résultat
Percentile par nombre de réponses
Votre historique - résultats
Vous n’avez pas pris ce quiz